| 000 | 00769nam a2200181 a 4500 | ||
|---|---|---|---|
| 001 | BRCA_1278 | ||
| 005 | 20190320203347.0 | ||
| 008 | 140408s1955----mx-a---###---#000-0#spa-# | ||
| 050 | 4 |
_aND1312 _b.A95 1955 |
|
| 100 | 1 |
_aAvila Blancas, Luis _94075 |
|
| 245 | 1 | 0 |
_aIconografía o colección de retratos al óleo que se conserva en la Pinacoteca de la Iglesia de la Profesa _bpintura mexicana, siglos XVIII y XIX _cLuis Avila Blancas. |
| 260 |
_aPuebla _bArzobispado de México _c1955 |
||
| 300 |
_a193 p. _bil. _c17 cm. |
||
| 610 | 2 | 4 |
_aIglesia de la Profesa (Ciudad de México) _xRetratos _94200 |
| 610 | 2 | 4 |
_aCongregación del Oratorio de San Felipe Neri (Ciudad de México) _xIconografía - Historia _94201 |
| 740 | 0 | _aPintura mexicana : siglos XVIII y XIX | |
| 942 |
_2lcc _cB |
||
| 999 |
_c1147 _d1147 |
||